000 00613nam a2200229Ia 4500
003 OSt
005 20220918202532.0
006 a|||||r|||| 00| 0
007 ta
008 220917b |||||||| |||| 00| 0 eng d
024 _a101,963
037 _cTextual
040 _aARTS
_cARTS
_beng
041 _2eng
_aeng
082 _aV25:1:M5, K8
100 _aPanikkar K N
245 0 _aBritish diplomacy in North India
_b A study of the Delhi residency 1803-57
260 _aNA
_bNA
_c1968
650 _aHISTORY
942 _hV25:1:M5, K8
_cTEXL
_2CC
999 _c225423
_d225423